LIBRARY & INFORMATION CENTRE, KCAET, TAVANUR

ONLINE PUBLIC ACCESS CATALOGUE (OPAC)

Madhuparkam / (Record no. 1138)

MARC details
000 -LEADER
fixed length control field 00416cam a2200169ua 4500
041 ## - LANGUAGE CODE
Language code of text/sound track or separate title mal
082 ## - DEWEY DECIMAL CLASSIFICATION NUMBER
Classification number 894.81209
Item number VAR/MA
100 ## - MAIN ENTRY--AUTHOR NAME
Personal name Varier, P.A .
245 ## - TITLE STATEMENT
Title Madhuparkam /
260 ## - PUBLICATION, DISTRIBUTION, ETC. (IMPRINT)
Place of publication Trissur :
Name of publisher Sahithya pracharaka co.op. society Ltd ,
Year of publication 19958.
300 ## - PHYSICAL DESCRIPTION
Number of Pages 159 ; .
942 ## - ADDED ENTRY ELEMENTS (KOHA)
Koha item type Books
Holdings
Withdrawn status Lost status Damaged status Home library Current library Date acquired Full call number Accession Number Koha item type
Withdrawn     KAUAET Malayalam University 07/04/2012 894.81209 1247 Books
free website counter